000 00381 a2200133 4500
001 92289
082 _aPR 2556
090 _c44244
_d44245
100 _aBasil Jamil; Prof Suhail Akhtar and Ammar Saleem (Advisors)
245 _aAutonomous Navigation of Quadrotor without using GPS
_n78 "B" EC
260 _aIslamabad
_bNUST
_c2015
300 _a54p.
500 _aBE Project Reports
942 _aCAE NUST
_kPR 2556
999 _c327362
_d327362